[Event "Michigan-ch (Women)"]
[Site "Flint"]
[Date "2003.11.15"]
[Round "1"]
[White "Blaney, Asia"]
[Black "Skidmore, Jennifer M"]
[Result "0-1"]
[WhiteElo "532"]
[BlackElo "1884"]
[PlyCount "44"]
[EventDate "2003.11.15"]
[EventType "swiss"]
[EventRounds "4"]
[EventCountry "USA"]
[SourceTitle "EXT 2008"]
[Source "ChessBase"]
[SourceDate "2007.11.25"]
[SourceVersion "1"]
[SourceVersionDate "2007.11.25"]
[SourceQuality "1"]

1. e4 e5 2. d4 exd4 3. Qxd4 Nc6 4. Qd1 Nf6 5. Bd3 Bc5 6. Be3 Bxe3 7. fxe3 d6 8. Nc3 0-0 9. Nf3 Bg4 10. Qe2 Ne5 11. 0-0-0 a6 12. h3 Bh5 13. b4 c5 14. a3 Rc8 15. Ng5 Bxe2 16. Bxe2 cxb4 17. Bg4 Rxc3 18. Bh5 Nc4 19. Bxf7+ Rxf7 20. Nxf7 bxa3 21. Kb1 Qb6+ 22. Ka1 Qb2# 0-1